Simplified equivalent circuit of electrodynamic feeder in heating and pumping regimes

Bibliographic Details
Main Author: Musil, Ladislav (Author)
Format: Article
Language:Slovak
English
PhysicalDescription:Grafy, sch., tab.
ISSN:1335-8243
Subjects:

MARC

LEADER 00000nab a2200000 a 4500
001 vtls000871025
003 SK-MaSNL
005 20260304132805.0
008 250429c2003 xo 0 slo
015 |a SNBRB2004/04-13449 
035 |a CLN000222577 
035 |a urn:nbn:sk:snk-abafhu 
035 |a (urnnbn)urn:nbn:sk:snk:ar-007xus 
035 |a (uuid)3e251d3a-b334-451b-a507-67a1c670fe30 
040 |a SNKBUCL  |b slo  |c SNKBUCL  |e AACR2 
041 0 |a eng 
044 |a xo  |c SK 
080 |a 537.84:669.028  |2 1997 
080 |a 669.028  |2 1997 
100 1 |a Musil, Ladislav  |4 aut  |9 269740 
245 1 0 |a Simplified equivalent circuit of electrodynamic feeder in heating and pumping regimes  |c Ladislav Musil 
300 |b Grafy, sch., tab. 
504 |a Res. angl. 
504 |a Biogr. údaje 
504 |a Bibliogr. odkazy 
650 0 7 |a kovy tekuté  |x dávkovače magnetohydrodynamické  |x pole elektromagnetické  |2 snkbucl  |9 1448700 
650 0 7 |a elektromagnetické pole  |2 snkbucl  |9 3502 
650 0 7 |a zariadenia dávkovacie magnetohydrodynamické  |2 snkbucl  |9 1448701 
655 7 |a články z novín a časopisov  |2 snkbucl  |9 267496 
773 0 |t Acta electrotechnica et informatica  |g Roč. 3, č. 4 (2003), s. 45-49  |x 1335-8243 
850 |a Slovenská národná knižnica 
852 |a Slovenská národná knižnica 
958 |a article14 
958 |a NB 
958 |a OND 
958 |a EUIPO 
992 |a RBX 
999 |c 2899608  |d 2901538